000 00335nam a2200145Ia 4500
008 230917s9999||||xx |||||||||||||| ||und||
040 _e66831
_aMAIN
041 _aEnglish
082 _a519.2 C839R
100 _aCox, D R
245 0 _aRenewal theory
260 _aLondon
_bChapman & Hall
_c1982
300 _aix, 142 p.
942 _cBK
999 _c61883
_d61883